书目信息 |
| 题名: |
保护性耕作技术与机具
|
|
| 作者: | 高焕文 主编 | |
| 分册: | ||
| 出版信息: | 北京 化学工业出版社 2004 |
|
| 页数: | 261页 | |
| 开本: | 24cm | |
| 丛书名: | ||
| 单 册: | ||
| 中图分类: | S341 , S222 | |
| 科图分类: | ||
| 主题词: | 资源保护--土壤耕作--技术 , 资源保护--土壤耕作--耕整地机具 , 资源保护 , 土壤耕作 , 耕整地机具 | |
| 电子资源: | ||
| ISBN: | 7-5025-5280-4 | |
| 000 | 01057nam0 2200289 450 | |
| 001 | 012007908724 | |
| 005 | 20070522171035.23 | |
| 010 | @a7-5025-5280-4@dCNY28.00 | |
| 100 | @a20070514d2004 km y0chiy0120 ea | |
| 101 | 0 | @achi |
| 102 | @aCN@b110000 | |
| 105 | @ay z 000yy | |
| 106 | @ar | |
| 200 | 1 | @a保护性耕作技术与机具@Abao hu xing geng zuo ji shu yu ji ju@f高焕文主编@Fgao huan wen zhu bian |
| 210 | @a北京@c化学工业出版社@d2004 | |
| 215 | @a261页@d24cm | |
| 330 | @a本书主要内容包括:保护性耕作的概念、原理,国内外发展形势与经验;不同地区的保护性耕作农艺体系以及秸秆与地表处理、免耕施肥播种、深松、杂草控制等关键作业技术;免耕播种机、深松机、浅松机及其他配套机具;保护性耕作的生态效应、产量与土壤效应测试,经济效益计算等。 | |
| 606 | 0 | @a资源保护@x土壤耕作@x技术 |
| 606 | 0 | @a资源保护@x土壤耕作@x耕整地机具 |
| 606 | 0 | @a资源保护 |
| 606 | 0 | @a土壤耕作 |
| 606 | 0 | @a耕整地机具 |
| 690 | @aS341@v4 | |
| 690 | @aS222@v4 | |
| 701 | 0 | @a高焕文@Agao huan wen@f(1939.2~)@4主编 |
| 801 | 0 | @aCN@bRULIN@c20070522 |
| 905 | @dS341@e32@s10 | |
| 保护性耕作技术与机具/高焕文主编.-北京:化学工业出版社,2004 |
| 261页;24cm |
| ISBN 7-5025-5280-4:CNY28.00 |
| 本书主要内容包括:保护性耕作的概念、原理,国内外发展形势与经验;不同地区的保护性耕作农艺体系以及秸秆与地表处理、免耕施肥播种、深松、杂草控制等关键作业技术;免耕播种机、深松机、浅松机及其他配套机具;保护性耕作的生态效应、产量与土壤效应测试,经济效益计算等。 |
| ● |
| 相关链接 |
|
|
|
|
正题名:保护性耕作技术与机具
索取号:S341/32
 
预约/预借
| 序号 | 登录号 | 条形码 | 馆藏地/架位号 | 状态 | 备注 |
| 1 | 0574019 | 205740199 | 第二样本阅览室/ [索取号:S341/32] | 在馆 | |
| 2 | 0574020 | 205740206 | 第三借阅区/ [索取号:S341/32] | 在馆 | |
| 3 | 0574021 | 205740215 | 第三借阅区/ [索取号:S341/32] | 在馆 | |
| 4 | 0574022 | 205740224 | 第三借阅区/ [索取号:S341/32] | 在馆 | |
| 5 | 0574023 | 205740233 | 第三借阅区/ [索取号:S341/32] | 在馆 | |
| 6 | 0574024 | 205740242 | 第三借阅区/ [索取号:S341/32] | 在馆 | |
| 7 | 0574025 | 205740251 | 第三借阅区/ [索取号:S341/32] | 在馆 | |
| 8 | 0574026 | 205740260 | 第三借阅区/ [索取号:S341/32] | 在馆 | |
| 9 | 0574027 | 205740279 | 第三借阅区/ [索取号:S341/32] | 在馆 | |
| 10 | 0574028 | 205740288 | 第三借阅区/ [索取号:S341/32] | 在馆 |